|
|
|
|
| LEADER |
00950nam a22002412a 4500 |
| 001 |
000055141 |
| 003 |
CZ BrMZK |
| 005 |
20090120130336.0 |
| 008 |
010907s1981 xr f cze d |
| 040 |
|
|
|a BOA001
|b cze
|c BOA002
|
| 100 |
1 |
|
|a Pauková, Marie,
|d 1906-1977
|7 jk01091956
|4 aut
|
| 245 |
1 |
0 |
|a Chemie pro 9. ročník základních devítiletých škol /
|c naps. Marie Pauková, Bohumil Hájek a Ladislav Otčenášek
|
| 246 |
1 |
4 |
|a Chemie 9
|
| 250 |
|
|
|a 17., nezm. vyd., dotisk
|
| 260 |
|
|
|a Praha :
|b Státní pedagogické nakladatelství,
|c 1981
|
| 300 |
|
|
|a 163 s., obr. příl.
|
| 500 |
|
|
|a Ilustr. Jaroslav Béza
|
| 700 |
1 |
|
|a Otčenášek, Ladislav
|7 jx20040615053
|4 aut
|
| 700 |
1 |
|
|a Hájek, Bohumil,
|d 1927-
|7 jk01033032
|4 aut
|
| 910 |
|
|
|a BOA001
|b PK-0033.342-81
|
| 964 |
|
|
|a Chemie - učebnice - školy základní devítileté
|
| 990 |
|
|
|a BK
|
| 996 |
7 |
|
|b 3119953617
|c PK-0033.342-81
|l MZK
|r Sklad / do 1 hodiny
|n 4
|w 000055141
|u 000010
|a 1
|e BOA001
|j MZK50
|s A
|